000 00845nam a22002175i 4500
001 157399
003 ES-MaACL
005 20250707034701.0
008 040823s1900 fr |||| | fre d
040 _aCAM
_bspa
_cCAM
100 1 _aLechartier, Georges-Clement.
_9128813
245 1 0 _aDavid Hume, moraliste et sociologue /
_cpar G. Lechartier.
260 _aParis :
_bFélix Alcan, éditeur,
_c1900 (
_eChartres :
_fImprimerie Durand)
300 _a275 p. ;
_c23 cm.
490 1 _aBibliothèque de philosophie contemporaine
596 _aEn la cub. consta : Coulommiers : Imp. Paul Brodard.
600 1 4 _aHume, David,
_d1711-1776-
_xCrítica e interpretación
_964720
830 0 _aBibliothèque de philosophie contemporaine
_9181027
852 _aES-MaACL
_jB-6829
_z-- Enc. hol., conservando la cub. original
999 _c157399
_d157399